Lexique de l'enseignement de l'EPS (notice n° 2195872)

détails MARC
000 -LEADER
fixed length control field 01325cam a2200133 4500500
005 - DATE AND TIME OF LATEST TRANSACTION
control field 20260405065431.0
041 ## - LANGUAGE CODE
Language code of text/sound track or separate title fre
042 ## - AUTHENTICATION CODE
Authentication code dc
100 10 - MAIN ENTRY--PERSONAL NAME
Personal name Lamotte, Vincent
Relator term author
245 00 - TITLE STATEMENT
Title Lexique de l'enseignement de l'EPS
260 ## - PUBLICATION, DISTRIBUTION, ETC.
Name of publisher, distributor, etc. Presses Universitaires de France,<br/>
Date of publication, distribution, etc. 2005.<br/>
520 ## - SUMMARY, ETC.
Summary, etc. Un répertoire des termes et concepts utilisés dans la profession, à l’origine de nombreux débats dans la profession d’enseignant d’éducation physique et sportive - EPS. Il est nécessaire d’apporter des points de repères et de clarifier ce vocabulaire spécialisé, ce qui aura pour conséquence et ceci est le but de l’auteur, de contribuer àaugmenter l’efficacité professionnelle. En plus d’une réflexion sur le sens c’est aussi un travail critique sur l’utilisation de ces termes et concepts provenant parfois de disciplines différentes. Le choix et l’organisation des entrées ont été réalisés à partir des exigences des écrits professionnels des concours de Capes et de l’agrégation. Le contenu de chaque entrée est divisé en trois points: une définition - des exemples - des commentaires. Une bibliographie très importante complète ce lexique.
856 41 - ELECTRONIC LOCATION AND ACCESS
Uniform Resource Identifier <a href="https://shs.cairn.info/lexique-de-l-enseignement-de-l-eps--9782130546153?lang=fr&redirect-ssocas=7080">https://shs.cairn.info/lexique-de-l-enseignement-de-l-eps--9782130546153?lang=fr&redirect-ssocas=7080</a>

Pas d'exemplaire disponible.

PLUDOC

PLUDOC est la plateforme unique et centralisée de gestion des bibliothèques physiques et numériques de Guinée administré par le CEDUST. Elle est la plus grande base de données de ressources documentaires pour les Étudiants, Enseignants chercheurs et Chercheurs de Guinée.

Adresse

627 919 101/664 919 101

25 boulevard du commerce
Kaloum, Conakry, Guinée

Réseaux sociaux

Powered by Netsen Group @ 2025